000
00298nam a2200121Ia 4500
008
190216s9999||||xx |||||||||||||| ||und||
100
_a
Hooda R P
245
0
_a
Statistics For Business And Economics
260
_b
Mac Millian And Com. Ltd
_c
1994
300
_a
715p
650
_a
Commerce
942
_c
BK
999
_c
5900
_d
5900